| 000 | 00513nam a2200181Ia 4500 | ||
|---|---|---|---|
| 005 | 20250508160515.0 | ||
| 008 | 008 250505s9999 xx 000 0 eng d | ||
| 037 | _aTextual | ||
| 040 |
_aFEDL _beng _cFEDL |
||
| 041 |
_aeng _2eng |
||
| 084 |
_a513.07, OHM _qFEDL |
||
| 100 |
_aOhmer Merlin M _9768667 |
||
| 245 | 0 | _aElementary geometry for teachers | |
| 260 |
_aReading _bAddison-Wesley Publishing Company _c1969 |
||
| 300 | _a152p. | ||
| 942 |
_cTEXL _h513.07, OHM |
||
| 999 |
_c1365034 _d1365034 |
||